El ciclo Inflacionario Argentino 1970-1988 (Registro nro. 22921)

Detalles MARC
000 -LEADER
fixed length control field 00381 a2200121 4500
001 - CONTROL NUMBER
control field ART_5593
005 - DATE AND TIME OF LATEST TRANSACTION
control field 20260410161828.0
008 - FIXED-LENGTH DATA ELEMENTS--GENERAL INFORMATION
fixed length control field 260409a
100 1# - MAIN ENTRY--PERSONAL NAME
Personal name Dabús, Carlos Darío
245 10 - TITLE STATEMENT
Title El ciclo Inflacionario Argentino 1970-1988
700 1# - ADDED ENTRY--PERSONAL NAME
Personal name Gutiérrez, Ricardo Raúl
773 0# - HOST ITEM ENTRY
Title Estudios Económicos
Related parts - Vol. 7, Nº 13/14 (ene./dic. 1989)
Record control number REV5080

No hay ítems disponibles.